[Великая Княгиня Александра Федоровна (Запись № 13740783)

Подробности
000 -МАРКЕР
контрольное поле 02780nkm0a2200505 4500
001 - ИДЕНТИФИКАТОР ЗАПИСИ
контрольное поле RU\NLR\BIBL_A\021956097
005 - ИДЕНТИФИКАТОР ВЕРСИИ
контрольное поле 20260628193312.0
035 ## - ДРУГИЕ СИСТЕМНЫЕ НОМЕРА
Идентификатор записи (NLR Aleph) 021956097
100 ## - ДАННЫЕ ОБЩЕЙ ОБРАБОТКИ
Данные общей обработки 20230605f1817 y0rusy50 ca
101 0# - ЯЗЫК РЕСУРСА
Язык текста, звукозаписи и т.д. русский
102 ## - СТРАНА ПУБЛИКАЦИИ ИЛИ ПРОИЗВОДСТВА
Страна публикации Российская Федерация
116 ## - ПОЛЕ КОДИРОВАННЫХ ДАННЫХ: ИЗОБРАЗИТЕЛЬНЫЕ МАТЕРИАЛЫ
Кодированные данные для изобразительных материалов. iiyaxx cm zz
135 ## - ПОЛЕ КОДИРОВАННЫХ ДАННЫХ: ЭЛЕКТРОННЫЕ РЕСУРСЫ
Кодированные данные для электронного ресурса crcn 024anaba
181 #0 - ПОЛЕ КОДИРОВАННЫХ ДАННЫХ: ВИД СОДЕРЖАНИЯ
Код вида содержания (ISBD) b4
Код характеристики содержания (ISBD) xb2e
182 #0 - ПОЛЕ КОДИРОВАННЫХ ДАННЫХ: ТИП СРЕДСТВА
Код типа средства (ISBD) n - непосредственное
200 1# - ЗАГЛАВИЕ И СВЕДЕНИЯ ОБ ОТВЕТСТВЕННОСТИ
Основное заглавие [Великая Княгиня Александра Федоровна
Сведения, относящиеся к заглавию эстамп]
Первые сведения об ответственности Беннер
203 ## - ВИД СОДЕРЖАНИЯ И ТИП СРЕДСТВА
Вид содержания Изображение
Дополнительные сведения об издании неподвижное
-- двухмерное
-- визуальное
Тип средства непосредственное
210 ## - ПУБЛИКАЦИЯ, РАСПРОСТРАНЕНИЕ И ДР.
Место издания, распространения и т.д. [Санкт-Петербург
Имя издателя, распространителя и т. д. б.и.
Дата издания, распространения и т.д. 1817]
215 ## - ФИЗИЧЕСКАЯ ХАРАКТЕРИСТИКА
Специфическое обозначение материала и объем 1 л.
Другие сведения о физической характеристике пунктир
Размеры 13,8х17 ; 16,5х24
300 ## - ОБЩИЕ ПРИМЕЧАНИЯ
Текст примечания С ориг. Беннера ОЭФ СК
316 ## - ПРИМЕЧАНИЯ ОБ ОСОБЕННОСТЯХ ЭКЗЕМПЛЯРА
Текст примечания Экз.на шифре Э ГП/2-А462ф, инв.21598: 13,8х17 ; 16,5х24. Под изобр. надпись карандашом: Великая Княгиня Александра Федоровна. С портрета писанного Беннером
Организация и экземпляр, к которому относится поле NLR: Э ГП/2-А462ф
325 ## - ПРИМЕЧАНИЕ О КОПИИ
Текст примечания Копия доступна в Электрон. б-ке РНБ
327 0# - ПРИМЕЧАНИЯ О СОДЕРЖАНИИ
Текст примечания Портрет поясной, 3/4 вправо, с жемчугами в голове; овал в четырехугольнике
600 #0 - ИМЯ ЛИЦА КАК ПРЕДМЕТ
Начальный элемент ввода Александра Федоровна
Дополнения к именам, кроме дат императрица российская
Даты 1798 - 1860
Формальный подзаголовок Гравюры
Системный номер авторитетной/нормативной записи 2433616
Идентификатор авторитетной/нормативной записи RU\NLR\AUTH\661448322
606 1# - НАИМЕНОВАНИЕ ТЕМЫ КАК ПРЕДМЕТ
Наименование темы Портретная гравюра русская
Географический подзаголовок 19 в.
Системный номер авторитетной/нормативной записи 2547458
Идентификатор авторитетной/нормативной записи RU\NLR\AUTH\6601720959
606 1# - НАИМЕНОВАНИЕ ТЕМЫ КАК ПРЕДМЕТ
Наименование темы Гравюра пунктиром
Системный номер авторитетной/нормативной записи 2546602
Идентификатор авторитетной/нормативной записи RU\NLR\AUTH\6601720548
686 1# - ИНДЕКСЫ ДРУГИХ КЛАССИФИКАЦИЙ
Индекс Щ153(2Р=Рус)5-475
686 1# - ИНДЕКСЫ ДРУГИХ КЛАССИФИКАЦИЙ
Индекс Щ150.845.1
702 #0 - ИМЯ ЛИЦА - ВТОРИЧНАЯ ОТВЕТСТВЕННОСТЬ
Код отношения Прочие
Графика поля Кириллица
Материалы, к которым относится поле rus
Начальный элемент ввода Александра Федоровна
Дополнения к именам, кроме дат императрица российская
Даты 1798-1860
Системный номер авторитетной/нормативной записи 18337
Идентификатор авторитетной/нормативной записи RU\NLR\AUTH\7735340
702 #1 - ИМЯ ЛИЦА - ВТОРИЧНАЯ ОТВЕТСТВЕННОСТЬ
Начальный элемент ввода Benner
Часть имени, кроме начального элемента ввода H. J.
Даты 1776-1836
Расширение инициалов личного имени Jean Henri
Код отношения Карикатурист, Художник
850 ## - ОРГАНИЗАЦИЯ – ДЕРЖАТЕЛЬ
Идентификатор организации Ров(I), 18,18.
852 00 - МЕСТОНАХОЖДЕНИЕ И ШИФР ХРАНЕНИЯ
Идентификатор организации NLR
Наименование фонда или коллекции (Sub-Location Identifier) Э
Шифр хранения (Call Number) ГП/2-А462ф
Идентификатор единицы инв.21598
856 #0 - МЕСТОНАХОЖДЕНИЕ ЭЛЕКТРОННЫХ РЕСУРОВ И ДОСТУП К НИМ
Универсальный идентификатор ресурса (Uniform Resource Identifier) https://vivaldi.nlr.ru/le500007063/view
856 #1 - МЕСТОНАХОЖДЕНИЕ ЭЛЕКТРОННЫХ РЕСУРОВ И ДОСТУП К НИМ
Универсальный идентификатор ресурса (Uniform Resource Identifier) https://vivaldi.nlr.ru/le500007063/cover
856 #2 - МЕСТОНАХОЖДЕНИЕ ЭЛЕКТРОННЫХ РЕСУРОВ И ДОСТУП К НИМ
Универсальный идентификатор ресурса (Uniform Resource Identifier) https://vivaldi.nlr.ru/le500007063/text
942 ## - ДОПОЛНИТЕЛЬНЫЕ ЭЛЕМЕНТЫ ЗАПИСИ (АБИС)
Тип экземпляра АБИС Визуальный материал
980 ## - КОЛЛЕКЦИЯ
Название коллекции Национальная библиография
981 22 - КОЛЛЕКЦИЯ ЭЛЕКТРОННОЙ БИБЛИОТЕКИ
Название коллекции Материалы по истории России
Название подколлекции 2.03.1. Российский императорский дом
981 17 - КОЛЛЕКЦИЯ ЭЛЕКТРОННОЙ БИБЛИОТЕКИ
Название коллекции Изографические материалы
Название подколлекции Портреты
981 17 - КОЛЛЕКЦИЯ ЭЛЕКТРОННОЙ БИБЛИОТЕКИ
Название коллекции Изографические материалы
Название подколлекции Эстампы

Нет доступных экземпляров.